Manažerské účetnictví : případové studie a příklady /

Main Author: Šoljaková, Libuše
Corporate Author: Vysoká škola ekonomická v Praze. Fakulta financí a účetnictví
Other Authors: Král, Bohumil, 1952-
Language: Czech
Published: V Praze : Oeconomica, 2009
Edition: 2., přeprac. vyd.
Subjects:
Physical Description: 153 s. : formuláře ; 30 cm
Book
Saved in:
LEADER 01898nam a2200493 a 4500
001 nkc20091994977
003 CZ PrNK
005 20091210094519.0
007 ta
008 091105s2009 xr k e p 000 0 cze
015 |a cnb001994977 
020 |a 978-80-245-1545-8  |q (brož.) :  |c Kč 146,00 
035 |a (OCoLC)480935720 
040 |a ABA001  |b cze 
072 7 |a 657  |x Účetnictví  |2 Konspekt  |9 4 
072 7 |a 37.016  |x Učební osnovy. Vyučovací předměty. Učebnice  |2 Konspekt  |9 22 
080 |a 657:005  |2 MRF 
080 |a (078.7)  |2 MRF 
080 |a (076.5)  |2 MRF 
080 |a (075.8)  |2 MRF 
100 1 |a Šoljaková, Libuše  |7 jn20010310454  |4 aut 
245 1 0 |a Manažerské účetnictví :  |b případové studie a příklady /  |c Libuše Šoljaková, Bohumil Král 
250 |a 2., přeprac. vyd. 
260 |a V Praze :  |b Oeconomica,  |c 2009 
300 |a 153 s. :  |b formuláře ;  |c 30 cm 
500 |a Nad názvem: Vysoká škola ekonomická v Praze, Fakulta financí a účetnictví 
500 |a 300 výt. 
504 |a Obsahuje bibliografii 
521 8 |a Doporučeno pro inženýrské studium na VŠE v Praze 
650 0 7 |a manažerské účetnictví  |7 ph115220  |2 czenas 
650 0 9 |a managerial accounting  |2 eczenas 
655 7 |a případové studie  |7 fd133208  |2 czenas 
655 7 |a praktická cvičení  |7 fd133118  |2 czenas 
655 7 |a učebnice vysokých škol  |7 fd133772  |2 czenas 
655 9 |a case studies  |2 eczenas 
655 9 |a problems, exercises, etc  |2 eczenas 
655 9 |a textbooks (higher)  |2 eczenas 
700 1 |a Král, Bohumil,  |d 1952-  |7 jo20010073555  |4 aut 
710 2 |a Vysoká škola ekonomická v Praze.  |b Fakulta financí a účetnictví  |7 kn20010709398 
910 2 |a BOA001  |b 4-1230.948 
990 |a BK 
995 |a 01 
991 |b 200911  |c NOV  |j 657 ŠOL 
996 6 |b 2610395141  |c 4-1230.948  |l MZK  |r Sklad / do 1 hodiny  |n 4  |p p.v.  |w 000972451  |u 000010  |a 1  |e BOA001  |j MZK50  |s P